Statistics for Most Isolated North American Sports Teams

Click here to take the quiz!

General Stats

  • This quiz has been taken 65 times
  • The average score is 13 of 20

Answer Stats

HintAnswer% Correct
NFL679.77Seattle Seahawks
93%
NFL563.88Denver Broncos
79%
NBA370Utah Jazz
79%
MLB677.97Seattle Mariners
75%
NFL409.95Kansas City Chiefs
71%
NHL418.61Vancouver Canucks
71%
NFL319.97New Orleans Saints
70%
NBA483.94Portland Trail Blazers
70%
NFL345.55Arizona Cardinals
68%
MLB563.06Colorado Rockies
68%
NHL390.47Winnipeg Jets
68%
MLB299.07Arizona Diamondbacks
66%
NBA370Denver Nuggets
64%
NBA358.3Phoenix Suns
64%
NHL587.89Colorado Avalanche
63%
NHL547.41Dallas Stars
63%
NBA335.86Memphis Grizzlies
59%
NHL344.84Minnesota Wild
59%
MLB296.56Minnesota Twins
57%
MLB359.77Atlanta Braves
43%

Score Distribution

Percentile by Number Answered

Percent of People with Each Score

Your Score History

You have not taken this quiz